Maharashtra: an economic review (Record no. 497193)

000 -LEADER
fixed length control field 00418cam a22001217a 4500
008 - FIXED-LENGTH DATA ELEMENTS--GENERAL INFORMATION
fixed length control field 180718b-- xxu||||| |||| 00| 0 eng d
082 ## - DEWEY DECIMAL CLASSIFICATION NUMBER
Classification number T19x5442 M277
245 ## - TITLE STATEMENT
Title Maharashtra: an economic review
Statement of responsibility, etc. by Directorate of Economics and Statistics
260 ## - PUBLICATION, DISTRIBUTION, ETC.
Place of publication, distribution, etc. Bombay
Name of publisher, distributor, etc. Government Central Press
Date of publication, distribution, etc. --
300 ## - PHYSICAL DESCRIPTION
Extent v.p.
500 ## - GENERAL NOTE
General note Contents: Library has 1974-78
700 ## - ADDED ENTRY--PERSONAL NAME
Personal name Maharashtra. Directorate of Economics and Statistics
Holdings
Withdrawn status Lost status Damaged status Not for loan Permanent Location Current Location Date acquired Full call number Barcode Date last seen Price effective from Koha item type
        Indian Institute of Public Administration Indian Institute of Public Administration 2018-08-04 T19x5442 M277 GG17365 2018-08-04 2018-08-04 GG
        Indian Institute of Public Administration Indian Institute of Public Administration 2018-08-04 T19x5442 M277 GG16608 2018-08-04 2018-08-04 GG
        Indian Institute of Public Administration Indian Institute of Public Administration 2018-08-04 T19x5442 M277 GG15574 2018-08-04 2018-08-04 GG
        Indian Institute of Public Administration Indian Institute of Public Administration 2018-08-04 T19x5442 M277 GG14998 2018-08-04 2018-08-04 GG

Powered by Koha